| 000 | 02561cam a2200385 a 4500 | ||
|---|---|---|---|
| 001 | 75266 | ||
| 005 | 20230410101746.0 | ||
| 008 | 090603s2008 mx a b 000 0 spa | ||
| 010 | _a 2009458200 | ||
| 035 | _a(OCoLC)ocn427164328 | ||
| 040 |
_aDLC _cDLC _dCUS _dIXA |
||
| 020 | _a9786072003521 | ||
| 020 | _a6072003524 | ||
| 035 | _a(OCoLC)427164328 | ||
| 043 |
_an-mx--- _an-us--- |
||
| 050 | 1 | 4 |
_a112 F 1226.5 _bC934 2008 |
| 082 | 0 | 0 | _a327.72073 |
| 245 | 0 | 0 |
_aCritical issues in the new U.S.-Mexico relations : _bstumbling blocks and constructive paths / _cSilvia Núñez-García, Manuel Chavez (editores). |
| 246 | 1 | 4 | _aCritical issues in the new U.S.-Mexican relations |
| 250 | _a1. ed. | ||
| 260 |
_aMéxico, D.F. : _bUniversidad Nacional Autónoma de México, Centro de Investigaciones sobre América del Norte ; _a[East Lansing, Mich.] _bMichigan State University : _bCenter for Latin American and Caribbean Studies, _c2008. |
||
| 300 |
_a155 p. : _bill. ; _c23 cm. |
||
| 500 | _a"Articles ... from a series of lectures given by researchers from the UNAM's Center for Research on North America and Michigan State University's Center for Latin American and Caribbean Studies"--P. [4] of cover. | ||
| 504 | _aIncludes bibliographical references. | ||
| 505 | 0 | _aThe stumbling blocks and constructive paths of U.S.-Mexico relations / Manuel Chavez and Silvia Núñez-García -- Foreign policy and governance in Mexico : a conceptual and operational dilemma / José Luis Valdés-Ugalde -- Mexico-U.S. security : a priority for the bilateral agenda / Leonardo Curzio -- Information, news media and diplomacy under the security and prosperity partnership of North America : increasing cooperation in turbulent times / Manuel Chavez -- Emerging influences in contemporary U.S.-Mexico relations / Silvia Núñez-García -- Mexican migration to the United States / Elaine Levine -- The "maquiladorization" of the Mexican manufacturing industry under NAFTA / Monica Gambrill -- The United States and Mexico in the face of scientific uncertainty : regulating genetically modified organisms / Edit Antal. | |
| 651 | 0 |
_aMexico _xRelations _zUnited States. |
|
| 651 | 0 |
_aUnited States _xRelations _zMexico. |
|
| 700 | 1 | _aNúñez García, Silvia. | |
| 700 | 1 | _aChávez Márquez, Manuel. | |
| 710 | 2 |
_aUniversidad Nacional Autónoma de México. _bCentro de Investigaciones sobre América del Norte. |
|
| 710 | 2 |
_aMichigan State University. _bCenter for Latin American and Caribbean Studies. |
|
| 942 |
_2lcc _cbk |
||
| 994 |
_aC0 _bDRFGD |
||
| 946 | _aMP | ||
| 999 |
_c13493 _d13493 |
||